000 00493nam a2200193Ia 4500
008 240510s9999 xx 000 0 und d
020 _a0000131233327
041 _aEng
082 _a658.4063
082 _bB19
100 _aBAXTER, ,STEPHEN (ET-AL)
245 0 _aREENGINEERING INFORMATION TECHNOLOGY: SUCCESS THROUGH EMPOWERMENT
260 _bNEW YORK :PRENTICE HALL
260 _c1994
300 _a214 p.
650 _aREENGINEERING : MANAGEMENT
942 _2ddc
942 _cLBK
999 _c24086
_d24086
945 _a1
_bMadushi Gamage
_c1
_dMadushi Gamage